000 00817cab a2200229 4500
001 WB2902-45
008 090401t1993 xxu||||| |||| 00| 0 eng d
035 _a(Sirsi) u25639
041 _aeng
245 _aCOSHH regulations amended
260 _c1993
350 _a0
490 _aHealth & Safety Information Bulletin
_v(205) January 1993, 3(1)
520 _aLegislation amending the existing COSHH regulations came into force on 1 January 1993. The new Control of Substances Hazardous Health (Amendment) Regulations (SI 1992:2382) will implement the EC Directive on carcinogens.
650 _aCONTROL OF SUBSTANCES HAZARDOUS TO HEALTH REGULATIONS
650 _aCOSHH REGULATIONS
650 _aEC DIRECTIVES
650 _aHEALTH AND SAFETY
_96244
690 _aLAW
942 _n0
948 _c04/03/1997
999 _c17227
_d17227